000 00633nam a2200229 a 4500
001 57668
003 BD-RjUL
005 20211209080536.0
008 161211s2006 enka b 000 0 eng d
035 _a(BD-RjUL)57792
035 _a745885
040 _aVCAV
_beng
_cVCAV
_dXNTU
041 _aeng
082 0 4 _a780
_219
_bMEM 2006
100 1 _aPatnaik, Praveen
_d1914-2008.
_9171252
245 1 0 _aMusic and society :
_bMulticultural Issues /
_cPraveen Patnaik
260 _aLondon :
_bCommonwealth,
_c2006
300 _a305 p. :
_bill. ;
_c23 cm.
504 _aBibliography: p.149.
650 0 _aMusic
_9171253
942 _2ddc
_cBK
999 _c57668
_d57668